| 000 | 00490nmm a22001817a 4500 | ||
|---|---|---|---|
| 005 | 20160520090306.0 | ||
| 008 | 150618b xxu||||| |||| 00| 0 spa d | ||
| 041 | _aspa | ||
| 082 | _aDE 92 | ||
| 100 |
_aSolano Guillén, Caterin _99910 |
||
| 245 | _aInforme de práctica supervisada realizado en Bancrédito, Pacayas | ||
| 260 | _c2015 | ||
| 650 |
_aCOSTA RICA _99911 |
||
| 650 |
_aADMINISTRACIÓN DE EMPRESAS _9521 |
||
| 650 |
_aCRÉDITOS _9640 |
||
| 650 |
_aAHORROS _99912 |
||
| 942 | _cIP | ||
| 999 |
_c8097 _d8097 |
||